Nommez la dictateur - Statistiques

Statistiques générales
  • Ce quiz a été pris 342 fois
  • Le résultat moyen est 8 sur 16
Statistiques - réponses
Par images Réponse % Correct
Hitler
99%
Staline
98%
Kim Jong-Un
78%
Mussolini
75%
Fidel Castro
66%
Mao Zedong
66%
Jules César
56%
Franco
54%
Genghis Khan
40%
Hussein
38%
Pol Pot
37%
Tito
32%
Pinochet
27%
Loukachenko
24%
Idi Amin Dada
12%
Bongo
6%
Aucun quiz correspondant
Distribution des résultats
% des personnes avec chaque résultat
Percentile par nombre de réponses
Votre historique - résultats
Vous n’avez pas pris ce quiz